MARC details
| 000 -LEADER |
| campo de control de longitud fija |
03595nam a2200469 i 4500 |
| 001 - NÚMERO DE CONTROL |
| campo de control |
179201 |
| 003 - IDENTIFICADOR DE NÚMERO DE CONTROL |
| campo de control |
ES-MaACL |
| 005 - FECHA Y HORA DE LA ÚLTIMA TRANSACCIÓN |
| campo de control |
20250731034211.0 |
| 008 - DATOS DE LONGITUD FIJA--INFORMACIÓN GENERAL |
| campo de control de longitud fija |
110930m20022009sp ac |||| |dspa d |
| 020 ## - NÚMERO INTERNACIONAL ESTÁNDAR DEL LIBRO |
| Número Internacional Estándar del Libro |
978-84-8459-049-1 |
| 080 ## - NÚMERO DE LA CLASIFICACIÓN DECIMAL UNIVERSAL |
| Número de la Clasificación Decimal Universal |
821.134.2-82"18" |
| 080 ## - NÚMERO DE LA CLASIFICACIÓN DECIMAL UNIVERSAL |
| Número de la Clasificación Decimal Universal |
929 Alas, Leopoldo |
| 100 1# - ENTRADA PRINCIPAL--NOMBRE DE PERSONA |
| Nombre de persona |
Alas, Leopoldo, |
| Fechas asociadas al nombre |
1852-1901 |
| 9 (RLIN) |
226375 |
| 245 10 - MENCIÓN DEL TÍTULO |
| Título |
Obras completas / |
| Mención de responsabilidad, etc. |
Leopoldo Alas "Clarín". |
| 260 ## - PUBLICACIÓN, DISTRIBUCIÓN, ETC. |
| Lugar de publicación, distribución, etc. |
Oviedo : |
| Nombre del editor, distribuidor, etc. |
Nobel, |
| Fecha de publicación, distribución, etc. |
[2002-2009] |
| 300 ## - DESCRIPCIÓN FÍSICA |
| Extensión |
12 t. en 13 v. : |
| Otras características físicas |
il. ; |
| Dimensiones |
25 cm. |
| 500 ## - NOTA GENERAL |
| Nota general |
Índices: v. 12. |
| 504 ## - NOTA DE BIBLIOGRAFÍA, ETC. |
| Nota de bibliografía, etc. |
Bibliografía: v. 2, v. 11-12. |
| 505 8# - NOTA DE CONTENIDO CON FORMATO |
| Nota de contenido con formato |
En v. 5 (p. 239, 255, 356, 444, 845, 856, 946, 950, 1015, 1024, 1028, 1047, 1101-1141, 1197, 1209, 1211) y v. 6: abundantes referencias a la vida cultural del Ateneo de Madrid |
| 505 8# - NOTA DE CONTENIDO CON FORMATO |
| Nota de contenido con formato |
Contiene: 1. Leopoldo Alas, "Clarín", cronología (1852-1901) . La Regenta / edición de José Mª Martínez Cachero (901 p.) -- 2. "Su único hijo". Proyectos novelescos y fragmentos narrativos / edición de Joan Oleza (863 p.) -- 3. Narrativa breve / edición de Carolyn Richmond (1028 p.) -- 4. Crítica (2 v.) / edición de Laureano Bonet, con la colaboración de Joan Estruch y Francisco Navarro (v. 4.1 y 4.2 ; 2045 p.) -- 5. Artículos (1875-1878) / edición de Jean-François Botrel e Yvan Lissorgues (1235 p.) -- 6. Artículos (1879-1882) / edición de Jean-François Botrel e Yvan Lissorgues (1107 p.) -- 7. Artículos (1882-1890) / edición de Jean-François Botrel e Yvan Lissorgues (1216 p.) -- 8. Artículos (1891-1894) / edición de Yvan Lissorgues y Jean-François Botrel (889 p.) -- 9. Artículos (1895-1897) / edición de Yvan Lissorgues y Jean-François Botrel (1195 p.) -- 10. Artículos (1898-1901) / edición de Yvan Lissorgues y Jean-François Botrel (1069 p.) -- 11. Varia / edición de Leonardo Romero Tobar, con la colaboración de Sofía Martín-Gamero... et al. (1421 p.) -- 12. Epistolario e Índices / edición de Jean-François Botrel (890 p.) |
| 600 14 - PUNTO DE ACCESO ADICIONAL DE MATERIA--NOMBRE DE PERSONA |
| Nombre de persona |
Alas, Leopoldo, |
| Fechas asociadas al nombre |
1852-1901 |
| 9 (RLIN) |
226375 |
| 600 14 - PUNTO DE ACCESO ADICIONAL DE MATERIA--NOMBRE DE PERSONA |
| Nombre de persona |
Alas, Leopoldo, |
| Fechas asociadas al nombre |
1852-1901. |
| Título de la obra |
La Regenta |
| 9 (RLIN) |
19159 |
| 600 17 - PUNTO DE ACCESO ADICIONAL DE MATERIA--NOMBRE DE PERSONA |
| Nombre de persona |
Alas, Leopoldo, |
| Fechas asociadas al nombre |
1852-1901- |
| Subdivisión de forma |
Correspondencia |
| 9 (RLIN) |
148110 |
| 610 24 - PUNTO DE ACCESO ADICIONAL DE MATERIA--NOMBRE DE ENTIDAD CORPORATIVA |
| Nombre de entidad corporativa o nombre de jurisdicción como elemento de entrada |
Ateneo de Madrid- |
| Subdivisión de forma |
Historia- |
| -- |
Relatos personales |
| 9 (RLIN) |
1926 |
| 610 24 - PUNTO DE ACCESO ADICIONAL DE MATERIA--NOMBRE DE ENTIDAD CORPORATIVA |
| Nombre de entidad corporativa o nombre de jurisdicción como elemento de entrada |
Ateneo de Madrid- |
| Subdivisión de forma |
Conferencias- |
| Subdivisión cronológica |
S.XIX. |
| 9 (RLIN) |
1910 |
| 700 1# - ENTRADA AGREGADA--NOMBRE PERSONAL |
| Nombre de persona |
Botrel, Jean-François. |
| 9 (RLIN) |
30790 |
| 852 4# - LOCALIZACIÓN |
| Ubicación |
ES-MaACL |
| Designación de la unidad física |
v.1 |
| Número de control de estantería |
A-11573 |
| itemnumber |
186077 |
| Sublocalización o colección |
R.131597 |
| Ubicación en estantería |
Depósito 1 |
| Signatura antigua |
Olim: P-1973 |
| -- |
Olim: N-4578 |
| 852 4# - LOCALIZACIÓN |
| Ubicación |
ES-MaACL |
| Designación de la unidad física |
v.2 |
| Número de control de estantería |
A-11574 |
| itemnumber |
200494 |
| Sublocalización o colección |
R.131597 |
| Ubicación en estantería |
Depósito 1 |
| Signatura antigua |
Olim: P-1973 |
| -- |
Olim: N-4579 |
| 852 4# - LOCALIZACIÓN |
| Ubicación |
ES-MaACL |
| Designación de la unidad física |
v.3 |
| Número de control de estantería |
A-11575 |
| itemnumber |
200495 |
| Sublocalización o colección |
R.131597 |
| Ubicación en estantería |
Depósito 1 |
| Signatura antigua |
Olim: P-1973 |
| -- |
Olim: N-4580 |
| 852 4# - LOCALIZACIÓN |
| Ubicación |
ES-MaACL |
| Designación de la unidad física |
v.4.1 |
| Número de control de estantería |
A-11576 |
| itemnumber |
200496 |
| Sublocalización o colección |
R.131597 |
| Ubicación en estantería |
Depósito 1 |
| Signatura antigua |
Olim: P-1973 |
| -- |
Olim: N-4581 |
| 852 4# - LOCALIZACIÓN |
| Ubicación |
ES-MaACL |
| Designación de la unidad física |
v.4.2 |
| Número de control de estantería |
A-11577 |
| itemnumber |
200497 |
| Sublocalización o colección |
R.131597 |
| Ubicación en estantería |
Depósito 1 |
| Signatura antigua |
Olim: P-1973 |
| -- |
Olim: N-4582 |
| 852 4# - LOCALIZACIÓN |
| Ubicación |
ES-MaACL |
| Designación de la unidad física |
v.5 |
| Número de control de estantería |
A-11578 |
| itemnumber |
200498 |
| Sublocalización o colección |
R.131597 |
| Ubicación en estantería |
Depósito 1 |
| Signatura antigua |
Olim: P-1973 |
| -- |
Olim: N-4583 |
| 852 4# - LOCALIZACIÓN |
| Ubicación |
ES-MaACL |
| Designación de la unidad física |
v.6 |
| Número de control de estantería |
A-11579 |
| itemnumber |
200499 |
| Sublocalización o colección |
R.131597 |
| Ubicación en estantería |
Depósito 1 |
| Signatura antigua |
Olim: P-1973 |
| -- |
Olim: N-4584 |
| 852 4# - LOCALIZACIÓN |
| Ubicación |
ES-MaACL |
| Designación de la unidad física |
v.7 |
| Número de control de estantería |
A-11580 |
| itemnumber |
200500 |
| Sublocalización o colección |
R.131597 |
| Ubicación en estantería |
Depósito 1 |
| Signatura antigua |
Olim: P-1973 |
| -- |
Olim: N-4585 |
| 852 4# - LOCALIZACIÓN |
| Ubicación |
ES-MaACL |
| Designación de la unidad física |
v.8 |
| Número de control de estantería |
A-11581 |
| itemnumber |
200501 |
| Sublocalización o colección |
R.131597 |
| Ubicación en estantería |
Depósito 1 |
| Signatura antigua |
Olim: P-1973 |
| -- |
Olim: N-4586 |
| 852 4# - LOCALIZACIÓN |
| Ubicación |
ES-MaACL |
| Designación de la unidad física |
v.9 |
| Número de control de estantería |
A-11582 |
| itemnumber |
200502 |
| Sublocalización o colección |
R.131597 |
| Ubicación en estantería |
Depósito 1 |
| Signatura antigua |
Olim: P-1973 |
| -- |
Olim: N-4587 |
| 852 4# - LOCALIZACIÓN |
| Ubicación |
ES-MaACL |
| Designación de la unidad física |
v.10 |
| Número de control de estantería |
A-11583 |
| itemnumber |
200503 |
| Sublocalización o colección |
R.131597 |
| Ubicación en estantería |
Depósito 1 |
| Signatura antigua |
Olim: P-1973 |
| -- |
Olim: N-4588 |
| 852 4# - LOCALIZACIÓN |
| Ubicación |
ES-MaACL |
| Designación de la unidad física |
v.11 |
| Número de control de estantería |
A-11584 |
| itemnumber |
200504 |
| Sublocalización o colección |
R.131597 |
| Ubicación en estantería |
Depósito 1 |
| Signatura antigua |
Olim: P-1973 |
| -- |
Olim: N-4589 |
| 852 4# - LOCALIZACIÓN |
| Ubicación |
ES-MaACL |
| Designación de la unidad física |
v.12 |
| Número de control de estantería |
A-11585 |
| itemnumber |
200505 |
| Sublocalización o colección |
R.131597 |
| Ubicación en estantería |
Depósito 1 |
| Signatura antigua |
Olim: P-1973 |
| -- |
Olim: N-4590 |
| 942 ## - ELEMENTOS DE ENTRADA SECUNDARIOS (KOHA) |
| Fuente del sistema de clasificación o colocación |
Clasificación decimal universal |
| Tipo de ítem Koha |
Libro impreso |